Statistics for Countries smaller than Rhode Island

Click here to take the quiz!

General Stats

  • This quiz has been taken 21 times
  • The average score is 26 of 29

Answer Stats

Area in kilometersAnswer% Correct
468Andorra
100%
2.02Monaco
100%
269Saint KItts and Nevis
100%
389Saint Vincent and the Grenadines
100%
0.44Vatican City
100%
160Liechtenstein
94%
2,586Luxembourg
94%
300Maldives
94%
21Nauru
94%
460Palau
94%
616Saint Lucia
94%
2,842Samoa
94%
61San Marino
94%
455Seychelles
94%
26Tuvalu
94%
442Antigua And Barbuda
89%
430Barbados
89%
344Grenada
89%
316Malta
89%
702Micronesia
89%
1,001Sao Tome and Principe
89%
747Tonga
89%
780Bahrain
83%
2,235Comoros
83%
751Dominica
83%
719Singapore
83%
181Marshall Islands
78%
2,040Mauritius
78%
811Kiribati
67%

Score Distribution

Percentile by Number Answered

Percent of People with Each Score

Your Score History

You have not taken this quiz